000 00457nam a2200169Ia 4500
008 230917s9999||||xx |||||||||||||| ||und||
020 _cRS 325.00
040 _e5008230
_aMAIN
041 _aEnglish
082 _a200.1 M378I
100 _aMasih, Y
245 0 _aIntroduction to religious philosophy
260 _aNew Delhi
_bMotilal Banarsidass
_c2017
300 _axv, 410 p.
500 _a4365 14/01/2022 HBD22/9188 15/01/2022 Main Budget
942 _cBK
999 _c4457
_d4457